Exchange Rate Regime Considerations in an Oil Economy : The Case of the Islamic Republic of Iran /

This paper provides a brief overview of the evolution of exchange rate policy in the Islamic Republic of Iran from 1993 to 2002 and reviews the basic criteria for the choice of the exchange rate regime in the medium term. The analysis highlights the merits of an intermediate regime which would allow...

Deskribapen osoa

Xehetasun bibliografikoak
Egile nagusia: Celasun, Oya
Formatua: Aldizkaria
Hizkuntza:English
Argitaratua: Washington, D.C. : International Monetary Fund, 2003.
Saila:IMF Working Papers; Working Paper ; No. 2003/026
Sarrera elektronikoa:Full text available on IMF
LEADER 01575cas a2200241 a 4500
001 AALejournalIMF002247
008 230101c9999 xx r poo 0 0eng d
020 |c 5.00 USD 
020 |z 9781451844405 
022 |a 1018-5941 
040 |a BD-DhAAL  |c BD-DhAAL 
100 1 |a Celasun, Oya. 
245 1 0 |a Exchange Rate Regime Considerations in an Oil Economy :   |b The Case of the Islamic Republic of Iran /  |c Oya Celasun. 
264 1 |a Washington, D.C. :  |b International Monetary Fund,  |c 2003. 
300 |a 1 online resource (18 pages) 
490 1 |a IMF Working Papers 
500 |a <strong>Off-Campus Access:</strong> No User ID or Password Required 
500 |a <strong>On-Campus Access:</strong> No User ID or Password Required 
506 |a Electronic access restricted to authorized BRAC University faculty, staff and students 
520 3 |a This paper provides a brief overview of the evolution of exchange rate policy in the Islamic Republic of Iran from 1993 to 2002 and reviews the basic criteria for the choice of the exchange rate regime in the medium term. The analysis highlights the merits of an intermediate regime which would allow the authorities to smooth out excessive short-term exchange rate fluctuations while letting nominal exchange rate movements facilitate real exchange rate adjustments called for by major oil price shocks. 
538 |a Mode of access: Internet 
830 0 |a IMF Working Papers; Working Paper ;  |v No. 2003/026 
856 4 0 |z Full text available on IMF  |u http://elibrary.imf.org/view/journals/001/2003/026/001.2003.issue-026-en.xml  |z IMF e-Library